Depiction of Sexuality in Victorian Literature and Arts bakalárska práca

Saved in:
Bibliographic Details
Main Author: Britaňáková, Veronika
Corporate Author: Fakulta aplikovaných jazykov EU v Bratislave. Katedra interkultúrnej komunikácie
Other Authors: Jorík, Jaroslav, 1981-
Format: Book
Language:English
Published: Bratislava 2022
Tags: Add Tag
No Tags, Be the first to tag this record!

MARC

LEADER 00000nbm a2200000 4500
001 0284719
005 20230605093619.7
041 0 |a eng 
044 |a SK 
245 1 0 |a Depiction of Sexuality in Victorian Literature and Arts  |b bakalárska práca  |c Veronika Britaňáková ; školiteľ: Jaroslav Jorík 
264 1 |a Bratislava  |c 2022 
300 |a 57 s. 
100 1 |a Britaňáková, Veronika 
700 1 |a Jorík, Jaroslav, 1981- 
710 2 |a Fakulta aplikovaných jazykov EU v Bratislave. Katedra interkultúrnej komunikácie